[Event "Campeonato de España Blitz 2017"]
[Site "Linares"]
[Date "2017.08.12"]
[Round "2"]
[White "Vallejo Pons, Francisco"]
[Black "Sanchez Jimenez, Juan Carlos"]
[Result "1-0"]
[Board "1"]
[WhiteTitle "GM"]
[WhiteElo "2677"]
[WhiteCountry "ESP"]
[WhiteFideId "2205530"]
[WhiteEloChange "1"]
[BlackTitle "FM"]
[BlackElo "2283"]
[BlackCountry "ESP"]
[BlackFideId "2206331"]
[BlackEloChange "-2"]

1. e4 {[%clk 0:03:03]} e6 {[%clk 0:03:02]} 2. d4 {[%clk 0:03:02]} d5 {[%clk
0:03:02]} 3. e5 {[%clk 0:03:03]} c5 {[%clk 0:03:03]} 4. c3 {[%clk 0:03:04]} Nc6
{[%clk 0:03:01]} 5. Nf3 {[%clk 0:03:05]} Qb6 {[%clk 0:03:02]} 6. a3 {[%clk
0:03:06]} Nh6 {[%clk 0:02:57]} 7. b4 {[%clk 0:03:06]} cxd4 {[%clk 0:02:57]} 8.
Bxh6 {[%clk 0:03:07]} gxh6 {[%clk 0:02:56]} 9. cxd4 {[%clk 0:03:07]} Bd7 {[%clk
0:02:53]} 10. Ra2 {[%clk 0:03:04]} Rc8 {[%clk 0:02:43]} 11. Be2 {[%clk 0:02:58]}
Bg7 {[%clk 0:02:42]} 12. O-O {[%clk 0:02:53]} O-O {[%clk 0:02:26]} 13. Rc2 {[%clk
0:01:42]} f6 {[%clk 0:01:14]} 14. b5 {[%clk 0:01:42]} Ne7 {[%clk 0:01:11]} 15.
exf6 {[%clk 0:01:40]} Rxf6 {[%clk 0:01:02]} 16. Rxc8+ {[%clk 0:01:37]} Nxc8
{[%clk 0:01:00]} 17. Nc3 {[%clk 0:01:28]} Nd6 {[%clk 0:00:58]} 18. Na4 {[%clk
0:01:08]} Qa5 {[%clk 0:00:49]} 19. Nc5 {[%clk 0:01:09]} Bxb5 {[%clk 0:00:44]} 20.
Bxb5 {[%clk 0:01:07]} Qxb5 {[%clk 0:00:40]} 21. Re1 {[%clk 0:01:02]} Qe8 {[%clk
0:00:27]} 22. Ne5 {[%clk 0:00:35]} b6 {[%clk 0:00:22]} 23. Ncd7 {[%clk 0:00:31]}
Rf5 {[%clk 0:00:22]} 24. Qa4 {[%clk 0:00:23]} Qe7 {[%clk 0:00:04]} 25. Qxa7
{[%clk 0:00:12]} Bxe5 {[%clk 0:00:05]} 26. dxe5 {[%clk 0:00:12]} 1-0

[Event "Campeonato de España Blitz 2017"]
[Site "Linares"]
[Date "2017.08.12"]
[Round "2"]
[White "Torrado Quintela, Julio"]
[Black "Granda Zuniga, Julio E"]
[Result "1-0"]
[Board "2"]
[WhiteElo "2274"]
[WhiteCountry "ESP"]
[WhiteFideId "2218496"]
[WhiteEloChange "18"]
[BlackTitle "GM"]
[BlackElo "2669"]
[BlackCountry "PER"]
[BlackFideId "3800024"]
[BlackEloChange "-9"]

1. e4 {[%clk 0:03:02]} c6 {[%clk 0:03:03]} 2. d4 {[%clk 0:03:02]} d5 {[%clk
0:03:03]} 3. exd5 {[%clk 0:03:03]} cxd5 {[%clk 0:03:04]} 4. Bd3 {[%clk 0:03:04]}
Nc6 {[%clk 0:03:03]} 5. c3 {[%clk 0:03:04]} g6 {[%clk 0:03:02]} 6. h3 {[%clk
0:03:00]} Bg7 {[%clk 0:03:01]} 7. Nf3 {[%clk 0:03:00]} Nh6 {[%clk 0:02:59]} 8.
O-O {[%clk 0:02:55]} O-O {[%clk 0:02:59]} 9. Re1 {[%clk 0:02:38]} Nf5 {[%clk
0:02:59]} 10. Bf4 {[%clk 0:02:33]} Nd6 {[%clk 0:02:54]} 11. Nbd2 {[%clk 0:02:28]}
Bf5 {[%clk 0:02:54]} 12. Nf1 {[%clk 0:01:48]} Bxd3 {[%clk 0:02:52]} 13. Qxd3
{[%clk 0:01:49]} Ne4 {[%clk 0:02:44]} 14. N3d2 {[%clk 0:01:24]} Nf6 {[%clk
0:02:29]} 15. Ne3 {[%clk 0:01:00]} Qd7 {[%clk 0:02:25]} 16. Nf3 {[%clk 0:01:00]}
Rfc8 {[%clk 0:02:06]} 17. Ne5 {[%clk 0:00:57]} Qe8 {[%clk 0:02:07]} 18. N3g4
{[%clk 0:00:53]} Nxe5 {[%clk 0:01:42]} 19. Nxe5 {[%clk 0:00:54]} b5 {[%clk
0:01:31]} 20. Re3 {[%clk 0:00:50]} a5 {[%clk 0:01:26]} 21. a3 {[%clk 0:00:45]} e6
{[%clk 0:01:24]} 22. Ng4 {[%clk 0:00:41]} Qc6 {[%clk 0:00:51]} 23. Be5 {[%clk
0:00:24]} Nxg4 {[%clk 0:00:38]} 24. hxg4 {[%clk 0:00:25]} Bxe5 {[%clk 0:00:36]}
25. Rxe5 {[%clk 0:00:25]} b4 {[%clk 0:00:36]} 26. axb4 {[%clk 0:00:25]} axb4
{[%clk 0:00:36]} 27. Rxa8 {[%clk 0:00:26]} Rxa8 {[%clk 0:00:38]} 28. Re3 {[%clk
0:00:17]} Qa4 {[%clk 0:00:29]} 29. cxb4 {[%clk 0:00:13]} Qa1+ {[%clk 0:00:23]}
30. Kh2 {[%clk 0:00:14]} Qxb2 {[%clk 0:00:24]} 31. Rf3 {[%clk 0:00:10]} Qxb4
{[%clk 0:00:24]} 32. Qe3 {[%clk 0:00:11]} Qd6+ {[%clk 0:00:24]} 33. g3 {[%clk
0:00:09]} Ra4 {[%clk 0:00:21]} 34. Qg5 {[%clk 0:00:05]} Ra7 {[%clk 0:00:17]} 35.
Rc3 {[%clk 0:00:06]} Kg7 {[%clk 0:00:16]} 36. Rc8 {[%clk 0:00:05]} h6 {[%clk
0:00:15]} 37. Qe3 {[%clk 0:00:06]} Rc7 {[%clk 0:00:14]} 38. Re8 {[%clk 0:00:06]}
Rc4 {[%clk 0:00:15]} 39. g5 {[%clk 0:00:07]} hxg5 {[%clk 0:00:13]} 40. Qxg5
{[%clk 0:00:06]} Qd7 {[%clk 0:00:11]} 41. Rd8 {[%clk 0:00:07]} Qc7 {[%clk
0:00:11]} 42. Qh4 {[%clk 0:00:08]} f5 {[%clk 0:00:10]} 43. Qh8+ {[%clk 0:00:08]}
Kf7 {[%clk 0:00:12]} 44. Qf8# {[%clk 0:00:09]} 1-0

[Event "Campeonato de España Blitz 2017"]
[Site "Linares"]
[Date "2017.08.12"]
[Round "2"]
[White "Domingo Nunez, Ruben"]
[Black "Salgado Lopez, Ivan"]
[Result "0-1"]
[Board "4"]
[WhiteTitle "FM"]
[WhiteElo "2258"]
[WhiteCountry "ESP"]
[WhiteFideId "22245570"]
[WhiteEloChange "-2"]
[BlackTitle "GM"]
[BlackElo "2644"]
[BlackCountry "ESP"]
[BlackFideId "2257327"]
[BlackEloChange "1"]

1. e4 {[%clk 0:03:03]} c6 {[%clk 0:03:04]} 2. Nc3 {[%clk 0:03:04]} d5 {[%clk
0:03:04]} 3. Nf3 {[%clk 0:03:05]} g6 {[%clk 0:03:03]} 4. d4 {[%clk 0:03:01]} Bg7
{[%clk 0:03:03]} 5. e5 {[%clk 0:02:59]} Nh6 {[%clk 0:02:59]} 6. Be2 {[%clk
0:02:56]} f6 {[%clk 0:02:58]} 7. exf6 {[%clk 0:02:56]} exf6 {[%clk 0:02:58]} 8.
O-O {[%clk 0:02:55]} O-O {[%clk 0:02:59]} 9. h3 {[%clk 0:02:44]} Nf7 {[%clk
0:02:59]} 10. Bf4 {[%clk 0:02:36]} Nd7 {[%clk 0:02:59]} 11. Re1 {[%clk 0:02:36]}
Re8 {[%clk 0:03:00]} 12. Bd3 {[%clk 0:02:18]} Rxe1+ {[%clk 0:02:59]} 13. Qxe1
{[%clk 0:02:18]} Nf8 {[%clk 0:02:59]} 14. Bg3 {[%clk 0:01:49]} Ne6 {[%clk
0:02:43]} 15. Ne2 {[%clk 0:01:32]} Bd7 {[%clk 0:02:39]} 16. Nf4 {[%clk 0:01:26]}
Nxf4 {[%clk 0:02:18]} 17. Bxf4 {[%clk 0:01:27]} Qb6 {[%clk 0:02:19]} 18. Rb1
{[%clk 0:01:23]} Re8 {[%clk 0:02:15]} 19. Qd2 {[%clk 0:01:24]} Bf8 {[%clk
0:02:12]} 20. c3 {[%clk 0:01:12]} Nd6 {[%clk 0:02:10]} 21. Bxd6 {[%clk 0:01:00]}
Bxd6 {[%clk 0:02:11]} 22. h4 {[%clk 0:01:02]} Qc7 {[%clk 0:01:58]} 23. Re1 {[%clk
0:00:56]} Rxe1+ {[%clk 0:01:50]} 24. Qxe1 {[%clk 0:00:57]} Qd8 {[%clk 0:01:50]}
25. Qe3 {[%clk 0:00:33]} Qe8 {[%clk 0:01:45]} 26. Qxe8+ {[%clk 0:00:30]} Bxe8
{[%clk 0:01:46]} 27. g3 {[%clk 0:00:31]} Kg7 {[%clk 0:01:46]} 28. Kf1 {[%clk
0:00:31]} h6 {[%clk 0:01:43]} 29. Kg2 {[%clk 0:00:27]} Bd7 {[%clk 0:01:44]} 30.
Nd2 {[%clk 0:00:26]} g5 {[%clk 0:01:41]} 31. hxg5 {[%clk 0:00:26]} hxg5 {[%clk
0:01:42]} 32. Nf1 {[%clk 0:00:27]} f5 {[%clk 0:01:40]} 33. Ne3 {[%clk 0:00:26]}
Kf6 {[%clk 0:01:41]} 34. g4 {[%clk 0:00:26]} fxg4 {[%clk 0:01:41]} 35. Be2 {[%clk
0:00:27]} Bf4 {[%clk 0:01:33]} 36. Nxg4+ {[%clk 0:00:21]} Ke7 {[%clk 0:01:31]}
37. b3 {[%clk 0:00:18]} Bd2 {[%clk 0:01:30]} 38. c4 {[%clk 0:00:15]} dxc4 {[%clk
0:01:30]} 39. bxc4 {[%clk 0:00:15]} Bc3 {[%clk 0:01:28]} 40. d5 {[%clk 0:00:13]}
cxd5 {[%clk 0:01:28]} 41. cxd5 {[%clk 0:00:13]} Kd6 {[%clk 0:01:23]} 42. Ne3
{[%clk 0:00:12]} Bd4 {[%clk 0:01:23]} 43. Nc2 {[%clk 0:00:12]} Bc5 {[%clk
0:01:23]} 44. Kg3 {[%clk 0:00:10]} Bf5 {[%clk 0:01:14]} 45. Ne1 {[%clk 0:00:07]}
Kxd5 {[%clk 0:00:50]} 46. Bf3+ {[%clk 0:00:05]} Be4 {[%clk 0:00:50]} 47. Bd1
{[%clk 0:00:06]} Ke5 {[%clk 0:00:44]} 48. f3 {[%clk 0:00:07]} Bf5 {[%clk
0:00:42]} 49. Be2 {[%clk 0:00:07]} Bd6 {[%clk 0:00:36]} 50. Kg2 {[%clk 0:00:07]}
Kd4 {[%clk 0:00:34]} 51. Bd1 {[%clk 0:00:07]} Kc3 {[%clk 0:00:32]} 52. Bb3 {[%clk
0:00:07]} Kd2 {[%clk 0:00:29]} 53. Kf1 {[%clk 0:00:08]} b5 {[%clk 0:00:23]} 54.
Bd5 {[%clk 0:00:05]} a5 {[%clk 0:00:23]} 55. Bc6 {[%clk 0:00:04]} b4 {[%clk
0:00:23]} 56. Ba4 {[%clk 0:00:06]} Bg3 {[%clk 0:00:18]} 57. Ng2 {[%clk 0:00:07]}
Bd3+ {[%clk 0:00:18]} 58. Kg1 {[%clk 0:00:09]} Bc4 {[%clk 0:00:18]} 59. Bb3
{[%clk 0:00:09]} Bxb3 {[%clk 0:00:18]} 60. axb3 {[%clk 0:00:10]} Kc3 {[%clk
0:00:18]} 61. Ne3 {[%clk 0:00:11]} Kxb3 {[%clk 0:00:18]} 62. Nd5 {[%clk 0:00:11]}
a4 {[%clk 0:00:17]} 63. Kg2 {[%clk 0:00:11]} Bf4 {[%clk 0:00:17]} 0-1

[Event "Campeonato de España Blitz 2017"]
[Site "Linares"]
[Date "2017.08.12"]
[Round "2"]
[White "Anton Guijarro, David"]
[Black "Martin Rueda, Daniel"]
[Result "1-0"]
[Board "5"]
[WhiteTitle "GM"]
[WhiteElo "2620"]
[WhiteCountry "ESP"]
[WhiteFideId "2285525"]
[WhiteEloChange "1"]
[BlackTitle "FM"]
[BlackElo "2265"]
[BlackCountry "ESP"]
[BlackFideId "2226847"]
[BlackEloChange "-2"]

1. Nf3 {[%clk 0:03:02]} d5 {[%clk 0:03:02]} 2. b3 {[%clk 0:03:02]} c6 {[%clk
0:03:00]} 3. Bb2 {[%clk 0:03:02]} Nf6 {[%clk 0:03:00]} 4. e3 {[%clk 0:02:56]} Bg4
{[%clk 0:02:53]} 5. d3 {[%clk 0:02:54]} Nbd7 {[%clk 0:02:52]} 6. Nbd2 {[%clk
0:02:53]} e6 {[%clk 0:02:51]} 7. h3 {[%clk 0:02:50]} Bxf3 {[%clk 0:02:50]} 8.
Nxf3 {[%clk 0:02:49]} Bd6 {[%clk 0:02:50]} 9. g3 {[%clk 0:02:39]} Qe7 {[%clk
0:02:45]} 10. Bg2 {[%clk 0:02:36]} O-O {[%clk 0:02:42]} 11. O-O {[%clk 0:02:34]}
a5 {[%clk 0:02:40]} 12. a3 {[%clk 0:02:34]} h6 {[%clk 0:02:21]} 13. c4 {[%clk
0:02:33]} Rfd8 {[%clk 0:02:14]} 14. Qc2 {[%clk 0:02:31]} b5 {[%clk 0:01:30]} 15.
Nd4 {[%clk 0:02:12]} Rac8 {[%clk 0:01:26]} 16. Rfc1 {[%clk 0:01:41]} bxc4 {[%clk
0:01:01]} 17. bxc4 {[%clk 0:01:30]} c5 {[%clk 0:00:32]} 18. Nb5 {[%clk 0:01:24]}
Bb8 {[%clk 0:00:32]} 19. Bc3 {[%clk 0:01:19]} a4 {[%clk 0:00:15]} 20. Qxa4 {[%clk
0:01:14]} Ne5 {[%clk 0:00:11]} 21. Qc2 {[%clk 0:01:08]} dxc4 {[%clk 0:00:05]} 22.
dxc4 {[%clk 0:01:08]} Nd3 {[%clk 0:00:05]} 1-0

[Event "Campeonato de España Blitz 2017"]
[Site "Linares"]
[Date "2017.08.12"]
[Round "2"]
[White "Lopez Mulet, Inigo"]
[Black "Larino Nieto, David"]
[Result "0-1"]
[Board "6"]
[WhiteTitle "FM"]
[WhiteElo "2255"]
[WhiteCountry "ESP"]
[WhiteFideId "22235620"]
[WhiteEloChange "-2"]
[BlackTitle "GM"]
[BlackElo "2595"]
[BlackCountry "ESP"]
[BlackFideId "2256444"]
[BlackEloChange "1"]

1. d4 {[%clk 0:03:02]} e6 {[%clk 0:03:03]} 2. c4 {[%clk 0:03:03]} b6 {[%clk
0:03:04]} 3. g3 {[%clk 0:03:01]} Bb7 {[%clk 0:03:05]} 4. Nf3 {[%clk 0:03:02]} Be7
{[%clk 0:03:05]} 5. Bg2 {[%clk 0:03:02]} g5 {[%clk 0:02:57]} 6. O-O {[%clk
0:02:35]} g4 {[%clk 0:02:56]} 7. Ne1 {[%clk 0:02:34]} d5 {[%clk 0:02:53]} 8. Nc3
{[%clk 0:02:31]} h5 {[%clk 0:02:53]} 9. Bf4 {[%clk 0:02:28]} Nf6 {[%clk 0:02:39]}
10. Nd3 {[%clk 0:02:19]} Nbd7 {[%clk 0:02:38]} 11. Ne5 {[%clk 0:02:18]} a6 {[%clk
0:02:30]} 12. Qc2 {[%clk 0:02:13]} c6 {[%clk 0:02:29]} 13. e4 {[%clk 0:02:08]}
dxc4 {[%clk 0:02:10]} 14. Nxc4 {[%clk 0:02:08]} h4 {[%clk 0:02:01]} 15. Bd6
{[%clk 0:01:48]} b5 {[%clk 0:01:55]} 16. Bxe7 {[%clk 0:01:47]} Kxe7 {[%clk
0:01:55]} 17. Qb3 {[%clk 0:01:38]} Qc7 {[%clk 0:01:52]} 18. Qa3+ {[%clk 0:01:08]}
c5 {[%clk 0:01:47]} 19. dxc5 {[%clk 0:01:08]} Qxc5 {[%clk 0:01:32]} 20. Qxc5+
{[%clk 0:00:43]} Nxc5 {[%clk 0:01:33]} 21. Na5 {[%clk 0:00:37]} h3 {[%clk
0:01:15]} 22. Bh1 {[%clk 0:00:34]} Bxe4 {[%clk 0:01:15]} 23. Nxe4 {[%clk
0:00:30]} Ncxe4 {[%clk 0:01:16]} 24. Rfe1 {[%clk 0:00:30]} Nd2 {[%clk 0:01:17]}
25. Nc6+ {[%clk 0:00:22]} Kf8 {[%clk 0:01:14]} 26. Re3 {[%clk 0:00:18]} Rc8
{[%clk 0:01:09]} 27. Rc1 {[%clk 0:00:08]} Rh5 {[%clk 0:01:06]} 28. b3 {[%clk
0:00:06]} Nd5 {[%clk 0:01:04]} 29. Rd3 {[%clk 0:00:06]} Nf3+ {[%clk 0:01:05]} 30.
Bxf3 {[%clk 0:00:05]} gxf3 {[%clk 0:01:06]} 31. Rc2 {[%clk 0:00:04]} Ne7 {[%clk
0:00:54]} 32. Nb4 {[%clk 0:00:03]} Rhc5 {[%clk 0:00:49]} 33. Rxc5 {[%clk
0:00:03]} Rxc5 {[%clk 0:00:49]} 34. Rd1 {[%clk 0:00:03]} a5 {[%clk 0:00:47]} 35.
Nd3 {[%clk 0:00:06]} Rc2 {[%clk 0:00:48]} 36. a3 {[%clk 0:00:06]} Nd5 {[%clk
0:00:47]} 37. Ne5 {[%clk 0:00:04]} Rc3 {[%clk 0:00:48]} 38. a4 {[%clk 0:00:05]}
b4 {[%clk 0:00:49]} 39. Rb1 {[%clk 0:00:05]} f6 {[%clk 0:00:50]} 40. Ng6+ {[%clk
0:00:06]} Kg7 {[%clk 0:00:50]} 41. Nh4 {[%clk 0:00:06]} Rd3 {[%clk 0:00:43]} 42.
Kf1 {[%clk 0:00:06]} Kh6 {[%clk 0:00:41]} 43. Ke1 {[%clk 0:00:06]} Kg5 {[%clk
0:00:40]} 44. Rb2 {[%clk 0:00:05]} e5 {[%clk 0:00:38]} 45. Rb1 {[%clk 0:00:04]}
Nc3 {[%clk 0:00:36]} 46. Rc1 {[%clk 0:00:05]} e4 {[%clk 0:00:37]} 47. Ra1 {[%clk
0:00:03]} f5 {[%clk 0:00:36]} 48. Rc1 {[%clk 0:00:04]} f4 {[%clk 0:00:37]} 49.
Ra1 {[%clk 0:00:05]} e3 {[%clk 0:00:38]} 50. Nxf3+ {[%clk 0:00:04]} Kf5 {[%clk
0:00:39]} 51. Nh4+ {[%clk 0:00:05]} Ke4 {[%clk 0:00:37]} 52. f3+ {[%clk 0:00:06]}
Kd5 {[%clk 0:00:36]} 53. Nf5 {[%clk 0:00:07]} e2 {[%clk 0:00:36]} 54. Kf2 {[%clk
0:00:03]} Rd1 {[%clk 0:00:37]} 55. Rxd1+ {[%clk 0:00:03]} 0-1

[Event "Campeonato de España Blitz 2017"]
[Site "Linares"]
[Date "2017.08.12"]
[Round "2"]
[White "Silva Rodriguez, Fernando"]
[Black "Korneev, Oleg"]
[Result "1/2-1/2"]
[Board "8"]
[WhiteElo "2238"]
[WhiteCountry "ESP"]
[WhiteFideId "2215268"]
[WhiteEloChange "8"]
[BlackTitle "GM"]
[BlackElo "2578"]
[BlackCountry "ESP"]
[BlackFideId "4156803"]
[BlackEloChange "-4"]

1. d4 {[%clk 0:03:02]} d5 {[%clk 0:03:04]} 2. c4 {[%clk 0:03:03]} e6 {[%clk
0:03:05]} 3. Nf3 {[%clk 0:03:04]} Nf6 {[%clk 0:03:06]} 4. Nc3 {[%clk 0:03:05]} c6
{[%clk 0:03:07]} 5. e3 {[%clk 0:03:05]} Nbd7 {[%clk 0:03:08]} 6. Qc2 {[%clk
0:03:06]} Bd6 {[%clk 0:03:09]} 7. Be2 {[%clk 0:03:06]} O-O {[%clk 0:03:09]} 8.
O-O {[%clk 0:03:06]} dxc4 {[%clk 0:03:10]} 9. Bxc4 {[%clk 0:03:06]} b5 {[%clk
0:03:10]} 10. Bd3 {[%clk 0:03:05]} Bb7 {[%clk 0:03:10]} 11. a3 {[%clk 0:03:05]}
a5 {[%clk 0:03:00]} 12. Ng5 {[%clk 0:02:49]} h6 {[%clk 0:02:58]} 13. Nge4 {[%clk
0:02:50]} Be7 {[%clk 0:02:52]} 14. Nxf6+ {[%clk 0:02:35]} Nxf6 {[%clk 0:02:52]}
15. Bd2 {[%clk 0:02:29]} Qb6 {[%clk 0:02:32]} 16. Rfc1 {[%clk 0:02:26]} Rfc8
{[%clk 0:02:22]} 17. Ne4 {[%clk 0:02:26]} Nxe4 {[%clk 0:02:21]} 18. Bxe4 {[%clk
0:02:26]} c5 {[%clk 0:02:20]} 19. Bxb7 {[%clk 0:02:24]} Qxb7 {[%clk 0:02:21]} 20.
dxc5 {[%clk 0:02:19]} Rxc5 {[%clk 0:02:20]} 21. Qb3 {[%clk 0:01:55]} a4 {[%clk
0:02:14]} 22. Qd1 {[%clk 0:01:53]} Rd8 {[%clk 0:02:09]} 23. Qe1 {[%clk 0:01:51]}
Rxc1 {[%clk 0:01:34]} 24. Rxc1 {[%clk 0:01:51]} Bf6 {[%clk 0:01:34]} 25. Bc3
{[%clk 0:01:52]} Bxc3 {[%clk 0:01:35]} 26. Qxc3 {[%clk 0:01:49]} Qd5 {[%clk
0:01:34]} 27. g3 {[%clk 0:01:21]} Qd2 {[%clk 0:01:29]} 28. Kg2 {[%clk 0:01:01]}
Rd3 {[%clk 0:01:20]} 29. Qc8+ {[%clk 0:01:01]} Kh7 {[%clk 0:01:20]} 30. Rc3
{[%clk 0:00:42]} Rxc3 {[%clk 0:01:07]} 31. Qxc3 {[%clk 0:00:29]} Qxc3 {[%clk
0:01:04]} 32. bxc3 {[%clk 0:00:31]} Kg6 {[%clk 0:01:05]} 33. Kf3 {[%clk 0:00:31]}
Kf5 {[%clk 0:01:07]} 34. e4+ {[%clk 0:00:31]} Ke5 {[%clk 0:01:08]} 35. Ke3 {[%clk
0:00:32]} f5 {[%clk 0:01:06]} 36. f4+ {[%clk 0:00:33]} Kd6 {[%clk 0:01:07]} 37.
exf5 {[%clk 0:00:30]} exf5 {[%clk 0:01:06]} 38. Kd4 {[%clk 0:00:31]} g5 {[%clk
0:01:00]} 39. h4 {[%clk 0:00:26]} gxh4 {[%clk 0:00:53]} 40. gxh4 {[%clk 0:00:27]}
h5 {[%clk 0:00:54]} 41. c4 {[%clk 0:00:27]} bxc4 {[%clk 0:00:49]} 42. Kxc4 {[%clk
0:00:28]} Kc6 {[%clk 0:00:51]} 43. Kd4 {[%clk 0:00:14]} Kd6 {[%clk 0:00:52]} 44.
Kc4 {[%clk 0:00:15]} Kc6 {[%clk 0:00:53]} 45. Kd4 {[%clk 0:00:15]} Kd6 {[%clk
0:00:55]} 46. Kc4 {[%clk 0:00:09]} Kc6 {[%clk 0:00:56]} 47. Kd4 {[%clk 0:00:10]}
1/2-1/2

[Event "Campeonato de España Blitz 2017"]
[Site "Linares"]
[Date "2017.08.12"]
[Round "2"]
[White "Vazquez Igarza, Renier"]
[Black "Bressac, Stephane"]
[Result "1-0"]
[Board "9"]
[WhiteTitle "GM"]
[WhiteElo "2577"]
[WhiteCountry "ESP"]
[WhiteFideId "3503054"]
[WhiteEloChange "1"]
[BlackTitle "FM"]
[BlackElo "2244"]
[BlackCountry "FRA"]
[BlackFideId "655945"]
[BlackEloChange "-3"]

1. d4 {[%clk 0:03:03]} d6 {[%clk 0:03:02]} 2. Nf3 {[%clk 0:03:03]} Nf6 {[%clk
0:03:03]} 3. c4 {[%clk 0:03:04]} g6 {[%clk 0:03:01]} 4. Nc3 {[%clk 0:03:05]} Nbd7
{[%clk 0:03:02]} 5. e4 {[%clk 0:03:06]} e5 {[%clk 0:03:04]} 6. Be2 {[%clk
0:03:05]} Bg7 {[%clk 0:03:02]} 7. O-O {[%clk 0:03:05]} O-O {[%clk 0:03:02]} 8.
Be3 {[%clk 0:03:04]} c6 {[%clk 0:02:48]} 9. d5 {[%clk 0:03:04]} c5 {[%clk
0:02:49]} 10. Ne1 {[%clk 0:03:00]} Qe7 {[%clk 0:02:07]} 11. Nd3 {[%clk 0:02:59]}
Re8 {[%clk 0:01:37]} 12. Rb1 {[%clk 0:02:45]} h6 {[%clk 0:00:52]} 13. a3 {[%clk
0:02:41]} a5 {[%clk 0:00:52]} 14. b4 {[%clk 0:02:40]} axb4 {[%clk 0:00:53]} 15.
axb4 {[%clk 0:02:40]} b6 {[%clk 0:00:53]} 16. bxc5 {[%clk 0:02:42]} bxc5 {[%clk
0:00:55]} 17. Qc2 {[%clk 0:02:30]} Nh7 {[%clk 0:00:49]} 18. Nb5 {[%clk 0:02:26]}
Rb8 {[%clk 0:00:43]} 19. Nc7 {[%clk 0:01:57]} Rxb1 {[%clk 0:00:45]} 20. Rxb1
{[%clk 0:01:57]} Rf8 {[%clk 0:00:45]} 21. f3 {[%clk 0:01:30]} Ndf6 {[%clk
0:00:47]} 22. Nb5 {[%clk 0:01:30]} Nh5 {[%clk 0:00:47]} 23. Qd2 {[%clk 0:01:27]}
g5 {[%clk 0:00:47]} 24. g3 {[%clk 0:01:23]} f5 {[%clk 0:00:47]} 25. exf5 {[%clk
0:01:18]} Bxf5 {[%clk 0:00:49]} 26. Rf1 {[%clk 0:01:17]} e4 {[%clk 0:00:48]} 27.
fxe4 {[%clk 0:01:17]} Bxe4 {[%clk 0:00:49]} 28. Rxf8+ {[%clk 0:01:17]} Nxf8
{[%clk 0:00:38]} 29. Bxh5 {[%clk 0:01:16]} Qf6 {[%clk 0:00:33]} 30. Nf2 {[%clk
0:01:08]} Bf3 {[%clk 0:00:26]} 31. Bxf3 {[%clk 0:01:05]} Qxf3 {[%clk 0:00:25]}
32. Qd3 {[%clk 0:00:49]} Qf6 {[%clk 0:00:18]} 33. Bd2 {[%clk 0:00:45]} Nd7 {[%clk
0:00:19]} 34. Bc3 {[%clk 0:00:46]} Ne5 {[%clk 0:00:20]} 35. Bxe5 {[%clk 0:00:45]}
Qxe5 {[%clk 0:00:21]} 36. Kg2 {[%clk 0:00:44]} h5 {[%clk 0:00:22]} 37. Qe4 {[%clk
0:00:45]} Qf6 {[%clk 0:00:23]} 38. Qe6+ {[%clk 0:00:45]} 1-0

[Event "Campeonato de España Blitz 2017"]
[Site "Linares"]
[Date "2017.08.12"]
[Round "2"]
[White "Dvirnyy, Danyyil"]
[Black "Gonzalez Laso, Adrian"]
[Result "1/2-1/2"]
[Board "11"]
[WhiteTitle "GM"]
[WhiteElo "2566"]
[WhiteCountry "ITA"]
[WhiteFideId "817570"]
[WhiteEloChange "-4"]
[BlackElo "2236"]
[BlackCountry "ESP"]
[BlackFideId "22223860"]
[BlackEloChange "7"]

1. d4 {[%clk 0:01:20]} Nf6 {[%clk 0:03:02]} 2. c4 {[%clk 0:01:22]} c5 {[%clk
0:03:00]} 3. d5 {[%clk 0:01:22]} b5 {[%clk 0:03:01]} 4. cxb5 {[%clk 0:01:24]} a6
{[%clk 0:03:01]} 5. b6 {[%clk 0:01:25]} d6 {[%clk 0:03:01]} 6. Nc3 {[%clk
0:01:26]} g6 {[%clk 0:03:00]} 7. Nf3 {[%clk 0:01:28]} Bg7 {[%clk 0:03:00]} 8. e4
{[%clk 0:01:29]} O-O {[%clk 0:03:00]} 9. Be2 {[%clk 0:01:30]} Nbd7 {[%clk
0:02:47]} 10. O-O {[%clk 0:01:31]} Nxb6 {[%clk 0:02:48]} 11. Nd2 {[%clk 0:01:31]}
Ne8 {[%clk 0:02:36]} 12. a4 {[%clk 0:01:31]} Nc7 {[%clk 0:02:36]} 13. a5 {[%clk
0:01:32]} Nd7 {[%clk 0:02:35]} 14. Nc4 {[%clk 0:01:34]} Nb5 {[%clk 0:02:16]} 15.
Na4 {[%clk 0:01:35]} Rb8 {[%clk 0:02:06]} 16. Bf4 {[%clk 0:01:36]} Nd4 {[%clk
0:01:55]} 17. Bd3 {[%clk 0:01:37]} Nb3 {[%clk 0:01:23]} 18. Ra3 {[%clk 0:01:38]}
Nxa5 {[%clk 0:01:24]} 19. Nxa5 {[%clk 0:01:35]} Qxa5 {[%clk 0:01:24]} 20. Nc3
{[%clk 0:01:36]} Qb6 {[%clk 0:01:19]} 21. Bc1 {[%clk 0:01:35]} Ne5 {[%clk
0:01:17]} 22. Be2 {[%clk 0:01:36]} a5 {[%clk 0:00:48]} 23. h3 {[%clk 0:01:37]}
Ba6 {[%clk 0:00:46]} 24. Re1 {[%clk 0:01:38]} Bxe2 {[%clk 0:00:40]} 25. Rxe2
{[%clk 0:01:39]} Qa6 {[%clk 0:00:34]} 26. Bg5 {[%clk 0:01:35]} Rb7 {[%clk
0:00:32]} 27. Ra2 {[%clk 0:01:32]} Rfb8 {[%clk 0:00:32]} 28. h4 {[%clk 0:01:28]}
h5 {[%clk 0:00:33]} 29. Bc1 {[%clk 0:01:12]} Nd3 {[%clk 0:00:30]} 30. Rd2 {[%clk
0:00:44]} Nxc1 {[%clk 0:00:26]} 31. Qxc1 {[%clk 0:00:45]} Bd4 {[%clk 0:00:26]}
32. Nd1 {[%clk 0:00:41]} Rb3 {[%clk 0:00:24]} 33. Qc2 {[%clk 0:00:41]} a4 {[%clk
0:00:24]} 34. Kh2 {[%clk 0:00:34]} Bf6 {[%clk 0:00:25]} 35. g3 {[%clk 0:00:34]}
Bd4 {[%clk 0:00:26]} 36. Kg2 {[%clk 0:00:35]} Qb5 {[%clk 0:00:26]} 37. Ra1 {[%clk
0:00:25]} Be5 {[%clk 0:00:26]} 38. Ra2 {[%clk 0:00:26]} Qb4 {[%clk 0:00:26]} 39.
Ne3 {[%clk 0:00:20]} Rxb2 {[%clk 0:00:19]} 40. Rxb2 {[%clk 0:00:21]} Qxb2 {[%clk
0:00:17]} 41. Qd1 {[%clk 0:00:22]} Qb3 {[%clk 0:00:18]} 42. Qe2 {[%clk 0:00:22]}
Bd4 {[%clk 0:00:19]} 43. Nc4 {[%clk 0:00:21]} Qb1 {[%clk 0:00:20]} 44. Ra2 {[%clk
0:00:19]} Rb4 {[%clk 0:00:19]} 45. Rc2 {[%clk 0:00:13]} Qb3 {[%clk 0:00:17]} 46.
Na5 {[%clk 0:00:12]} Qb1 {[%clk 0:00:17]} 47. Nc4 {[%clk 0:00:13]} Kh7 {[%clk
0:00:14]} 48. Ra2 {[%clk 0:00:14]} Bf6 {[%clk 0:00:11]} 49. Rc2 {[%clk 0:00:15]}
Qb3 {[%clk 0:00:11]} 50. Na5 {[%clk 0:00:16]} Qb1 {[%clk 0:00:11]} 51. Nc4 {[%clk
0:00:17]} Bd4 {[%clk 0:00:12]} 52. Ra2 {[%clk 0:00:18]} Kg7 {[%clk 0:00:11]} 53.
Rc2 {[%clk 0:00:19]} Qb3 {[%clk 0:00:11]} 54. Na5 {[%clk 0:00:20]} Qb1 {[%clk
0:00:12]} 55. Nc4 {[%clk 0:00:21]} Kh7 {[%clk 0:00:14]} 56. Ra2 {[%clk 0:00:22]}
Kg7 {[%clk 0:00:15]} 57. Rc2 {[%clk 0:00:24]} Qb3 {[%clk 0:00:15]} 1/2-1/2